One Match Wonder for India Cricket - Statistics

General Stats
  • This quiz has been taken 10 times
  • The average score is 9 of 90
Answer Stats
Format Year Answer % Correct
Test 1988 Ajay Sharma
43%
Test 1990 Gursharan Singh
43%
ODI 1990 Gursharan Singh
43%
Test 1948 Kanwar Singh
43%
Test 2014 Karn Sharma
43%
T20i 2014 Karn Sharma
43%
ODI 2022 Kuldeep Sen
43%
Test 1932 Lall Singh
43%
ODI 2010 Pankaj Singh
43%
Test 1988 Rashid Patel
43%
ODI 1988 Rashid Patel
43%
Test 1998 Robin Singh
43%
Test 1999 Robin Singh
43%
Test 1934 Yadavindra Singh
43%
Test 1981 Yograj Singh
43%
T20i 2006 Sachin Tendulkar
29%
Test 2023 Suryakumar Yadav
29%
Test 1993 Vijay Yadav
29%
Test 2012 Vinay Kumar
29%
ODI 2021 Chetan Sakariya
14%
T20i 2006 Dinesh Mongia
14%
ODI 2016 Faiz Fazal
14%
ODI 2021 Nitish Rana
14%
ODI 2014 Parvez Rasool
14%
Test 2001 Rahul Sanghvi
14%
T20i 2016 Rishi Dhawan
14%
Test 1955 Sadashiv Patil
14%
T20i 2011 Subramaniam Badrinath
14%
T20i 2009 Sudeep Tyagi
14%
Test 2021 Thangarasu Natarajan
14%
ODI 2003 Abhijit Kale
0%
Test 1969 Ajit Pai
0%
Test 2024 Akash Deep
0%
Test 1947 Amir Elahi
0%
Test 1959 Apoorva Sengupta
0%
Test 1959 Arvind Apte
0%
ODI 1974 Ashok Mankad
0%
Test 1952 Bal Dani
0%
Test 1936 Baqa Jilani
0%
ODI 1976 BS Chandrasekhar
0%
Test 1956 Chandrakant Patankar
0%
Test 2024 Devdutt Padikkal
0%
ODI 1997 Dodda Ganesh
0%
Test 1982 Ghulam Parkar
0%
ODI 1974 Gopal Bose
0%
Test 1952 Hiralal Gaekwad
0%
Test 2001 Iqbal Siddiqui
0%
Test 1948 Keki Tarapore
0%
Test 1971 Kenia Jayantilal
0%
Test 1936 Khershed Meherhomji
0%
ODI 2021 Krishnappa Gowtham
0%
Test 1933 Ladha Ramji
0%
Test 1933 LP Jai
0%
Test 1949 Madhusudan Rege
0%
Test 1969 Man Sood
0%
Test 1989 Margashayam Venkataramana
0%
ODI 1988 Margashayam Venkataramana
0%
T20i 2019 Mayank Markande
0%
Test 1934 MJ Gopalan
0%
Test 1949 Montu Banerjee
0%
T20i 2007 Murali Kartik
0%
Test 2015 Naman Ojha
0%
ODI 2010 Naman Ojha
0%
Test 1955 Narain Swamy
0%
Test 2000 Nikhil Chopra
0%
ODI 1996 Pankaj Dharmani
0%
T20i 2017 Parvez Rasool
0%
T20i 2016 Pawan Negi
0%
ODI 1976 Pochiah Krishnamurthy
0%
T20i 2021 Prithvi Shaw
0%
ODI 2021 Rahul Chahar
0%
T20i 2011 Rahul Dravid
0%
ODI 2023 Rajat Patidar
0%
Test 1964 Rajinder Pal
0%
Test 1982 Rakesh Shukla
0%
Test 1967 Ramesh Saxena
0%
ODI 2022 Ravi Bishnoi
0%
ODI 2024 Riyan Parag
0%
Test 1933 Rustomji Jamshedji
0%
Test 2000 Saba Karim
0%
T20i 2024 Sai Sudharsan
0%
Test 1989 Salil Ankola
0%
T20i 2021 Sandeep Warrier
0%
Test 1952 Shah Nyalchand
0%
Test 1949 Shute Banerjee
0%
T20i 2015 Sreenath Aravind
0%
Test 1992 Subroto Banerjee
0%
ODI 1976 Sudhakar Rao
0%
Test 1981 TE Srinivasan
0%
Test 1952 Vijay Rajindernath
0%
No matching quizzes found
Score Distribution
Percent of People with Each Score
Percentile by Number Answered
Your Score History
You have not taken this quiz